000 00453nam a22001577a 4500
005 20251108164753.0
008 250721s9999 xx 000 0 ara d
082 1 4 _a615.9/سين
100 1 _aدوس، سينون حليم
245 1 0 _aالسموم بين الطب و القانون /
264 1 _aالقاهره :
_bدار النهضة العربية،
_c[19-].
300 _a224ص
650 1 7 _aالسموم
942 _2ddc
_cBK
999 _c13930
_d13930